[Event "GER-ch 11th Seniors"]
[Site "Germany"]
[Date "1999.??.??"]
[Round "?"]
[White "Duemmke, Juergen"]
[Black "Thal, Olaf"]
[Result "1/2-1/2"]
[WhiteElo "2015"]
[BlackElo "2280"]

1.e4 c5 2.Nf3 d6 3.Bb5+ Bd7 4.Bxd7+ Qxd7 5.O-O Nc6 6.d4 cxd4 7.Nxd4 g6 8.b3 Nf6
9.Bb2 Bg7 10.Qe2 O-O 11.Rd1 Nxd4 12.Bxd4 Qe6 13.Nc3 Rfc8 14.Qd3 Rc6 15.Re1 a6
16.Nd5 Nxd5 17.exd5 Qxd5 18.Bxg7 Qxd3 19.cxd3 Kxg7 20.Rxe7 b5 21.Rae1 Rc2
22.Rd7 Rxa2 23.g4 Rb2 24.Ree7 Rf8 25.Rxd6 Rxb3 26.Rxa6 Rxd3 27.Rb6 Rc8 28.Rxb5 Rc4
29.g5 Rg4+ 30.Kf1 Rd1+ 31.Ke2 Rdg1 32.Ree5 Ra4 33.Ra5 Rxa5 34.Rxa5 Rh1 35.Kf3 Rxh2
36.Kg3 Rh1 37.Kg2 Rb1 38.Ra8 Rb5 39.f4 h6 40.gxh6+ Kxh6 41.Rh8+ Kg7 42.Ra8 Rb3
43.Ra6 Rd3 44.Rb6 Kh6 45.f5 Kg5 46.fxg6 fxg6 47.Rb4 Kh5 48.Ra4 g5 49.Rb4 Rc3
50.Ra4 Rc5 51.Rb4 Rc2+ 52.Kg3 Rc1 53.Kg2 Rc5 54.Ra4 Kg6 55.Rb4 Kf5 56.Ra4 Rb5
57.Rc4  1/2-1/2

[Event "DDMM (Women)"]
[Site "Germany"]
[Date "1999.??.??"]
[Round "4.2"]
[White "Ankerst, Milka"]
[Black "Mietzner, Tina"]
[Result "1-0"]
[WhiteElo "2125"]
[BlackElo "2085"]

1.e4 c5 2.Nf3 d6 3.Bb5+ Bd7 4.Bxd7+ Nxd7 5.d4 cxd4 6.Qxd4 Ngf6 7.c4 Nc5 8.Nc3 g6
9.O-O Bg7 10.Nd2 O-O 11.Qe3 a6 12.Rb1 Rc8 13.b3 Ng4 14.Qg3 Ne5 15.a4 Ned3
16.Nd5 e6 17.Ne3 Bc3 18.Nd1 Bb4 19.Nf3 Nxe4 20.Qh3 Nxc1 21.Rxc1 Ng5 22.Nxg5 Qxg5
23.Nc3 Rcd8 24.Rfd1 Rfe8 25.Ne4 Qf4 26.Qe3 Qxe3 27.Nf6+ Kh8 28.fxe3 Re7 29.Rd3 Kg7
30.Rf1 Ba3 31.Rf2 Bc5 32.g4 d5 33.Kg2 d4 34.e4 e5 35.g5 Re6 36.Rh3 Rh8 37.Rhf3 Re7
38.Nd5 Rd7 39.h4 Rf8 40.Rf1 h5 41.Kf2 a5 42.Ke2 Rd6 43.Kd3 Bb6 44.Rf6 Rxf6
45.gxf6+ Kh6 46.Nxb6 Rd8 47.Rg1 Rd6 48.Nd5 Kh7 49.b4 axb4 50.Rb1  1-0

[Event "Gyongyos op"]
[Site "Gyongyos"]
[Date "1999.??.??"]
[Round "5"]
[White "Khamatgaleev, Alexej"]
[Black "Szabo, Zsolt Jozsef"]
[Result "1/2-1/2"]
[WhiteElo "2400"]
[BlackElo "2450"]

1.e4 c5 2.Nf3 d6 3.Bb5+ Bd7 4.Bxd7+ Qxd7 5.O-O Nc6 6.c3 Nf6 7.d4 Nxe4 8.d5 Nb8
9.Re1 Nf6 10.Bg5 Na6 11.Bxf6 gxf6 12.c4 Bg7 13.Nc3 f5 14.Nh4 O-O-O 15.Qh5 Bxc3
16.bxc3 e6 17.f4 Nc7 18.a4 Rdg8 19.g3 Kb8 20.Qf3 exd5 21.cxd5 Re8 22.a5 Rxe1+
23.Rxe1 Re8  1/2-1/2

[Event "Havana Provincial-B"]
[Site "Havana"]
[Date "1999.??.??"]
[Round "?"]
[White "Montero, R."]
[Black "Hernandez, Holden"]
[Result "0-1"]
[WhiteElo "2000"]
[BlackElo "2325"]

1.e4 c5 2.Nf3 d6 3.Bb5+ Nd7 4.O-O Nf6 5.Re1 a6 6.Bf1 b6 7.c4 e5 8.Nc3 Be7
9.g3 O-O 10.Bg2 Bb7 11.d3 Re8 12.Rb1 Qc7 13.Nh4 g6 14.Bh3 Bc6 15.a4 Bf8 16.Ng2 Qd8
17.Bd2 Bg7 18.Ne3 Nf8 19.Bg2 Ne6 20.Ned5 Nd4 21.b4 Nxd5 22.Nxd5 h6 23.f4 exf4
24.Bxf4 Qd7 25.Bxh6 Bxd5 26.Bxg7 Kxg7 27.cxd5 Qe7 28.Rf1 Rab8 29.Rf2 Qe5
30.Rfb2 b5 31.axb5 Nxb5 32.Qd2 Qd4+ 33.Kf1 Nc3 34.Ra1 cxb4 35.Rxa6 Ra8 36.Rxa8 Rxa8
37.Bf3 Ra1+ 38.Kg2 Rg1+ 39.Kh3 Kg8 40.Qg5 Nd1 41.Qd8+ Kg7 42.Rb3 Nf2+ 43.Kh4 Qe3
44.Qg5 Qxf3 45.e5 Rg2 46.Qf6+ Qxf6+ 47.exf6+ Kh6  0-1

[Event "Havana Provincial-B"]
[Site "Havana"]
[Date "1999.??.??"]
[Round "?"]
[White "Toledo, W."]
[Black "Suri, Alberto"]
[Result "1/2-1/2"]
[WhiteElo "2055"]
[BlackElo "2305"]

1.e4 c5 2.Nf3 d6 3.Bb5+ Nc6 4.d4 cxd4 5.Qxd4 Bd7 6.Bxc6 Bxc6 7.c4 Nf6 8.Nc3 g6
9.O-O Bg7 10.Qd3 O-O 11.Nd4 Nd7 12.Be3 Ne5 13.Qe2 Bd7 14.h3 Rc8 15.b3 f5
16.exf5 gxf5 17.f4 Ng6 18.Rad1 a6 19.a4 e5 20.fxe5 Bxe5 21.Nd5 Qh4 22.Nf3 Qh5
23.Nd4 Qh4 24.Nf3 Qh5  1/2-1/2

[Event "Havana Provincial"]
[Site "Havana"]
[Date "1999.??.??"]
[Round "?"]
[White "Ibanez, Dagoberto"]
[Black "Poyato, Antonio"]
[Result "1/2-1/2"]
[WhiteElo "2235"]
[BlackElo "2205"]

1.e4 c5 2.Nf3 d6 3.Bb5+ Bd7 4.Bxd7+ Qxd7 5.O-O g6 6.c3 Bg7 7.d4 cxd4 8.cxd4 Nf6
9.Nc3 O-O 10.Re1 Na6 11.h3 Nc7 12.Qb3 e6 13.Bf4 Rfc8 14.Rad1 Bf8 15.Ne5 Qe8
16.Nd3 b6 17.e5 Nfd5 18.Ne4 dxe5 19.dxe5 Qb5 20.Qxb5 Nxb5 21.Bg3 Rc2 22.Rc1 Rac8
23.Rxc2 Rxc2  1/2-1/2

[Event "Helsinki op"]
[Site "Helsinki"]
[Date "1999.??.??"]
[Round "3"]
[White "Kiik, Kalle"]
[Black "Keskisarja, Teemu"]
[Result "1/2-1/2"]
[WhiteElo "2439"]
[BlackElo "2313"]

1.e4 c5 2.Nf3 d6 3.Bb5+ Bd7 4.Bxd7+ Nxd7 5.O-O Ngf6 6.d3 e6 7.Ng5 h6 8.Nh3 Be7
9.f4 O-O 10.Qe2 b5 11.Nd2 Qc7 12.Nf3 c4 13.d4 d5 14.exd5 Nxd5 15.c3 Bd6 16.Ne5 Rae8
17.Bd2 f6 18.Ng6 Rf7 19.Rae1 Nf8 20.Nxf8 Rfxf8 21.g4 Qf7 22.a3 f5 23.g5 h5
24.a4 a6 25.Ra1 g6 26.axb5 axb5 27.Ra6 Qd7 28.Rfa1  1/2-1/2

[Event "Hessen-ch int"]
[Site "Hessen"]
[Date "1999.??.??"]
[Round "1"]
[White "Wendehals, Thomas"]
[Black "Boewer, Roland"]
[Result "0-1"]
[WhiteElo "1705"]
[BlackElo "2185"]

1.e4 c5 2.Nf3 d6 3.Bb5+ Bd7 4.Bxd7+ Nxd7 5.d4 cxd4 6.Nxd4 Ngf6 7.Nc3 g6 8.Be3 Rc8
9.O-O Bg7 10.f4 a6 11.a4 b6 12.Nb3 O-O 13.Qe2 Ra8 14.Rad1 Qc7 15.Bd4 Nc5
16.Nxc5 dxc5 17.Be5 Qb7 18.Nd5 Nxd5 19.exd5 Qd7 20.Bxg7 Kxg7 21.b3 b5 22.Qe5+ f6
23.Qe4 bxa4 24.bxa4 Rab8 25.Rb1 Rfd8 26.Rfe1 Kf8 27.c4 Rxb1 28.Rxb1 Qxa4
29.Rb7 Qd1+ 30.Kf2 Qd4+ 31.Qxd4 cxd4 32.Ke2 Ra8 33.Kd3 a5 34.Kxd4 a4 35.Rb1 Ke8
36.c5 a3 37.Ra1 Kd7 38.Kc4 e6 39.dxe6+ Kxe6 40.Ra2 Kd7 41.Kb5 Rb8+ 42.Kc4 Ra8
43.Kb5 Kc7 44.g3 Ra7 45.h3 h5 46.g4 h4 47.g5 f5 48.c6 Ra8 49.Kc5 Ra5+ 50.Kb4 Ra6
51.Kb5 Rb6+ 52.Ka5 Rb3 53.Ka4 Rxh3 54.Rc2 Rg3  0-1

[Event "Hessen-ch int"]
[Site "Hessen"]
[Date "1999.??.??"]
[Round "2"]
[White "Gudat, Alfons"]
[Black "Hartmann, Rudi"]
[Result "1-0"]
[WhiteElo "2075"]
[BlackElo "1780"]

1.e4 c5 2.Nf3 d6 3.Bb5+ Bd7 4.a4 a6 5.Bc4 e6 6.O-O Nc6 7.c3 Nf6 8.Re1 Qc7
9.d4 Na5 10.Ba2 c4 11.Bg5 Be7 12.Nbd2 O-O 13.e5 Nd5 14.exd6 Bxd6 15.Ne4 Be7
16.Bxe7 Nxe7 17.Ne5 b5 18.axb5 axb5 19.Bb1 f5 20.Nc5 Bc8 21.Qh5 Nec6 22.Nf3 g6
23.Qh6 Nd8 24.Ng5 Re8 25.h4 Qg7 26.Qxg7+ Kxg7 27.b4 cxb3 28.Nxb3 Ndb7 29.Bd3 Bd7
30.Nd2 Rac8 31.Ra3 Nc4 32.Bxc4 bxc4 33.Ra7 Bc6 34.Rxe6 Rxe6 35.Nxe6+ Kf6
36.Nf4 Nd6 37.Rxh7 Be8 38.Nd5+  1-0

[Event "Hessen-ch int"]
[Site "Hessen"]
[Date "1999.??.??"]
[Round "2"]
[White "Glek, Igor V"]
[Black "Kreiling, Carsten"]
[Result "1-0"]
[WhiteElo "2535"]
[BlackElo "2140"]

1.e4 c5 2.Nf3 d6 3.Bb5+ Bd7 4.Bxd7+ Qxd7 5.c4 Nc6 6.d4 cxd4 7.Nxd4 Nf6 8.Nc3 g6
9.Nde2 Bg7 10.O-O O-O 11.f3 Rfd8 12.Bg5 h6 13.Be3 Rab8 14.Qd2 Kh7 15.Rac1 b6
16.Kh1 Qb7 17.b3 a6 18.Nd5 Nxd5 19.exd5 Na7 20.Bd4 b5 21.Bxg7 Kxg7 22.Nd4 Rdc8
23.f4 bxc4 24.bxc4 f6 25.f5 g5 26.Qe2 Qd7 27.Rfe1 Rb7 28.Rc3 Qe8 29.Re3 Qf7
30.Rxe7 Rxe7 31.Qxe7 Rxc4 32.Ne6+ Kg8 33.Qxd6 Rc8 34.Nd8 Nb5 35.Nxf7 Nxd6
36.Nxd6  1-0

[Event "Hessen-ch int"]
[Site "Hessen"]
[Date "1999.??.??"]
[Round "6"]
[White "Erpel, Werner"]
[Black "Rohde, Torsten"]
[Result "0-1"]
[WhiteElo "2130"]
[BlackElo "1665"]

1.e4 c5 2.Nf3 d6 3.Bb5+ Bd7 4.Bxd7+ Nxd7 5.O-O g6 6.c3 Bg7 7.d4 Ngf6 8.e5 dxe5
9.dxe5 Ng4 10.e6 Nde5 11.Qa4+ Kf8 12.exf7 Nxf3+ 13.gxf3 Nf6 14.Bf4 Qd3 15.Nd2 Nd5
16.Rad1 b5 17.Qa5 Nxf4 18.Ne4 Qxf3 19.Rd8+ Rxd8 20.Qxd8+ Kxf7 21.Ng5+ Kf6
22.Nxf3 Rxd8  0-1

[Event "Hessen-ch int"]
[Site "Hessen"]
[Date "1999.??.??"]
[Round "6"]
[White "Kemmerzell, Hans Lau"]
[Black "Kreiling, Carsten"]
[Result "1/2-1/2"]
[WhiteElo "1800"]
[BlackElo "2140"]

1.e4 c5 2.Nf3 d6 3.Bb5+ Bd7 4.Bxd7+ Qxd7 5.c4 Nc6 6.d4 cxd4 7.Nxd4 g6 8.Nc3 Bg7
9.Nde2 Nf6 10.O-O O-O 11.f3 Rab8 12.Bg5 Rfc8 13.b3 a6 14.Qd2 b5 15.cxb5 axb5
16.Kh1 b4 17.Na4 Qb7 18.Rac1 Ne5 19.Be3 Qb5 20.Nb2 d5 21.Nd4 Qa6 22.Bf4 Nh5
23.Be3 dxe4 24.fxe4 Nf6 25.Rxc8+ Rxc8 26.Rc1 Rxc1+ 27.Qxc1 Nxe4 28.Na4 Nd3
29.Qb1 e5 30.Nf3 f5 31.Qc2 Ne1 32.Nxe1 Qf1+ 33.Bg1 Qxe1 34.Qc4+ Kf8 35.Qc8+ Ke7
36.Qc7+ Ke6 37.Qc8+ Kd6 38.Qd8+ Ke6 39.Qc8+ Kf7 40.Qd7+ Kf6 41.Qd8+ Kf7 42.Qd7+ Kg8
43.Qd5+ Kf8 44.Qd8+ Kf7 45.Qd7+ Kf6 46.Qd8+ Ke6 47.Qc8+  1/2-1/2

[Event "HUN-chT9899"]
[Site "HUN"]
[Date "1999.??.??"]
[Round "?"]
[White "Gonczi, Jozsef"]
[Black "Joo, Gabor"]
[Result "1-0"]
[WhiteElo "2210"]
[BlackElo "2070"]

1.e4 c5 2.Nf3 d6 3.Bb5+ Bd7 4.Bxd7+ Qxd7 5.O-O Nc6 6.d4 cxd4 7.Nxd4 Nf6 8.Re1 e6
9.c4 Be7 10.Nc3 O-O 11.Bg5 Rac8 12.Qd2 Rfd8 13.Rad1 a6 14.Qe2 Qc7 15.b3 Nxd4
16.Rxd4 b5 17.Rc1 e5 18.Rdd1 bxc4 19.Bxf6 Bxf6 20.Nd5 Qb7 21.Qg4 Be7 22.Rc3 g6
23.Rdc1 f5 24.Nxe7+ Qxe7 25.exf5 Qf7 26.fxg6 Qxg6 27.Rxc4 Qxg4 28.Rxg4+ Kf7
29.Rgc4 Rxc4 30.Rxc4 a5 31.Kf1 Ke6 32.Ke2 Rb8 33.Kd3 Rg8 34.g3 Rf8 35.Ke3 Rb8
36.f4 exf4+ 37.Rxf4 Rb5 38.Kd3 Rd5+ 39.Kc3 Rc5+ 40.Rc4 Rh5 41.Re4+ Kd5 42.Re2 Rf5
43.Rd2+ Kc5 44.a3 d5 45.b4+ axb4+ 46.axb4+ Kb5 47.Ra2 Rf3+ 48.Kd4 h5 49.Kxd5 Kxb4
50.Ke4 Rf1 51.h4 Kb5 52.Ra8 Re1+ 53.Kf4 Rf1+ 54.Kg5 Rf3 55.Kxh5 Rxg3 56.Rc8 Kb6
57.Kh6 Kb7 58.Rc4 Rd3 59.h5 Rd6+ 60.Kg5 Rd5+ 61.Kh4 Rd6 62.Kg5 Rd5+ 63.Kg6 Rd6+
64.Kf7 Rd7+ 65.Ke8 Rd1 66.Rh4 Re1+ 67.Kf7 Rf1+ 68.Kg6 Rg1+ 69.Kf5 Rc1 70.h6 Rc5+
71.Ke6  1-0

[Event "HUN-chT9899"]
[Site "HUN"]
[Date "1999.??.??"]
[Round "?"]
[White "Szuk, Balazs"]
[Black "Schneider, Attila"]
[Result "1/2-1/2"]
[WhiteElo "2430"]
[BlackElo "2375"]

1.e4 c5 2.Nf3 d6 3.Bb5+ Bd7 4.Bxd7+ Qxd7 5.c4 Nc6 6.Nc3 g6 7.d4 cxd4 8.Nxd4 Nf6
9.O-O Bg7 10.Nde2 O-O 11.f3 a6 12.a4 Rfc8 13.b3 Qd8 14.Kh1 Qa5 15.Bd2 Qc5
16.Rc1 Ne5 17.Nf4 e6 18.Qe2 Qb6 19.Rb1  1/2-1/2

[Event "HUN-chT29899"]
[Site "HUN"]
[Date "1999.??.??"]
[Round "?"]
[White "Tamas, Gyorgy"]
[Black "Jonas, Zsolt"]
[Result "1-0"]
[WhiteElo "2165"]
[BlackElo "2140"]

1.e4 c5 2.Nf3 d6 3.Bb5+ Nc6 4.O-O a6 5.Bxc6+ bxc6 6.Nc3 Bg4 7.h3 Bh5 8.Re1 e5
9.d3 Be7 10.Qe2 Nf6 11.Nd1 O-O 12.Ne3 Bg6 13.Nh4 Nh5 14.Nhf5 Nf4 15.Qg4 Bf6
16.Qd1 Qd7 17.Kh2 d5 18.g3 dxe4 19.dxe4 Qxd1 20.Rxd1 Ne6 21.h4 h5 22.Rd6 Rac8
23.Bd2 Bh7 24.Rd3 Nd4 25.Rd1 Bxf5 26.Nxf5 Nxc2 27.Bg5 Bxg5 28.hxg5 Rb8 29.b3 Nd4
30.Rc1 Rb5 31.Kg2 g6 32.Nd6 Ra5 33.a4 c4 34.Nxc4 Rc5 35.b4 Rxc4 36.Rxc4 Rb8
37.f4 Ne6 38.Kf3 Kf8 39.Ke3 Ke7 40.Rxc6 Rxb4 41.Rxa6 Nc5 42.Ra7+ Ke8 43.Rc3 Rxa4
44.Rxa4 Nxa4 45.Rc7 exf4+ 46.gxf4 Nb6 47.Kd4 Nd7 48.Kd5 Nb6+ 49.Kd6 Kf8 50.f5 gxf5
51.exf5 Kg7 52.g6 Nc4+ 53.Rxc4 fxg6 54.Rc7+ Kf6 55.fxg6 Kxg6 56.Ke6 Kg5 57.Ke5 Kg4
58.Ke4 Kg3 59.Ke3 h4 60.Rg7+ Kh2 61.Kf3 h3 62.Ra7  1-0

[Event "HUN-chT29899"]
[Site "HUN"]
[Date "1999.??.??"]
[Round "?"]
[White "Szabo, Janos"]
[Black "Boguszlavszky, Jevgenyij"]
[Result "1-0"]
[WhiteElo "2255"]
[BlackElo "2295"]

1.e4 c5 2.Nf3 d6 3.Bb5+ Bd7 4.c4 Bxb5 5.cxb5 e5 6.O-O g6 7.Nc3 Bg7 8.d3 Ne7
9.Be3 O-O 10.Qd2 f5 11.Bh6 f4 12.Bxg7 Kxg7 13.Rfb1 h6 14.b4 Nd7 15.a4 g5
16.a5 Ng6 17.Nd5 g4 18.Ne1 Nf6 19.Qa2 Ne7 20.Nc3 Qd7 21.bxc5 dxc5 22.Qc4 Qd6
23.Rc1 Nd7 24.Ra2 f3 25.Nc2 fxg2 26.Ne3 Rf3 27.Ncd5 Kh7 28.Nxe7 Qxe7 29.Nf5 Qf6
30.Qd5 Rd8 31.Qxb7 Rxd3 32.Qxa7 Qg5 33.Rac2 Kh8 34.Qc7 Nf6 35.Qxe5 Re8 36.Qxc5 Nxe4
37.Qc6 Nf6 38.Nd6 Rf8 39.Ne4 Qf4 40.Nxf6 Rxf6 41.Qxg2 Kh7 42.Rc7+ Kg6 43.R7c6 Kh7
44.b6 Rf3 45.Rxf6 Qxc1+ 46.Qf1 Qb2 47.Re6 Ra3 48.Qc4  1-0

[Event "HUN-chT29899"]
[Site "HUN"]
[Date "1999.??.??"]
[Round "?"]
[White "Emodi, Gyula"]
[Black "Szabo, Zsolt Jozsef"]
[Result "0-1"]
[WhiteElo "2415"]
[BlackElo "2405"]

1.e4 c5 2.Nf3 d6 3.Bb5+ Nd7 4.c3 Nf6 5.Qe2 a6 6.Ba4 b5 7.Bc2 e5 8.d4 Be7
9.O-O O-O 10.Rd1 Qc7 11.Nbd2 cxd4 12.Nb1 dxc3 13.Nxc3 Nc5 14.Bg5 Be6 15.Rac1 b4
16.Nd5 Bxd5 17.exd5 Qd8 18.Be3 Nfd7 19.Bb1 g6 20.Nxe5 dxe5 21.d6 Bg5 22.Rxc5 Bxe3
23.Qxe3 Nxc5 24.Qxc5 Qd7 25.Be4 Rac8 26.Qxb4 Rfd8 27.h3 Qb5 28.Qa3 a5 29.Rd5 Qb4
30.Qd3 Qe1+ 31.Kh2 Qxf2 32.Rxe5 Rc5 33.Re7 Qf4+ 34.Qg3 Qxg3+ 35.Kxg3 Rxd6
36.b3 Re6 37.Rxe6 fxe6 38.Kf4 Kf7 39.Ke3 e5 40.Kd2 Kf6 41.a3 h6 42.Kd3 Rc1
43.Kd2 Ra1 44.Kc3 Re1 45.Bb7 e4 46.b4 axb4+ 47.axb4 Ke5 48.b5 Rc1+ 49.Kd2 Rb1
50.Bc6 Kd4 51.Be8 g5 52.Kc2 e3  0-1

[Event "HUN-chT9899"]
[Site "HUN"]
[Date "1999.??.??"]
[Round "?"]
[White "Fusthy, Zsolt"]
[Black "Tancsa, Robert"]
[Result "1/2-1/2"]
[WhiteElo "2270"]
[BlackElo "2135"]

1.e4 c5 2.Nf3 d6 3.Bb5+ Nd7 4.d4 Nf6 5.Nc3 a6 6.Bxd7+ Nxd7 7.O-O e6 8.a4 b6
9.d5 Be7 10.dxe6 fxe6 11.Bf4 Qc7 12.Qd2 O-O 13.Rad1 Ne5 14.Bxe5 dxe5 15.Nd5 exd5
16.Qxd5+ Kh8 17.Nxe5 Bb7 18.Nf7+ Rxf7 19.Qxf7 Rf8 20.Qe6 Bc6 21.b3 Re8 22.Rfe1 Bf8
23.Qg4 Bd6 24.h3 Be5 25.Rd3 b5 26.axb5 axb5 27.f3 b4 28.Red1 Bd4+ 29.Kh1 Qe5
30.Qh4 Rf8 31.Qe1 Bb5 32.Rxd4 cxd4 33.Qxb4 Rd8 34.Qa5 Qb8 35.Qb4 Qb6 36.e5 h6
37.e6 Re8 38.e7 Qb7 39.Re1 Kh7 40.Re5 Bc6 41.Qxd4 Rxe7 42.Rxe7 Qxe7 43.b4 Qe6
44.Kg1 Qe1+ 45.Kh2 Qe2 46.Qc3 Bb5 47.Qc5 Bc4 48.Qf5+ Kg8 49.Qc8+ Kf7 50.Qf5+ Ke7
51.Qc5+ Kf6 52.Qd6+ Kf7 53.Qc7+ Kf6 54.Qd6+ Kf7 55.Qc7+ Kf8 56.Qc8+ Ke7 57.Qc7+ Kf8  1/2-1/2

[Event "Godal mem"]
[Site "HUN"]
[Date "1999.??.??"]
[Round "4"]
[White "Kelemen, Gyorgy"]
[Black "Horvath, Ivan"]
[Result "0-1"]
[WhiteElo "2180"]
[BlackElo "2040"]

1.e4 c5 2.Nf3 d6 3.Bb5+ Nd7 4.O-O Nf6 5.Re1 a6 6.Bf1 e5 7.c3 Be7 8.d4 O-O
9.Nbd2 Qc7 10.a4 Re8 11.a5 Nf8 12.h3 Ng6 13.Nc4 Be6 14.d5 Bc8 15.Bd3 Rb8
16.Be3 Bd7 17.b4 Bb5 18.Nfd2 Bf8 19.Qc2 Nd7 20.Na3 Bxd3 21.Qxd3 Rbc8 22.Ndc4 cxb4
23.cxb4 Nf4 24.Qd2 Ng6 25.Rac1 Qd8 26.Rc2 Qh4 27.Bg5 Qh5 28.Kh2 h6 29.Be3 f5
30.exf5 Qxf5 31.Rec1 Nf6 32.Nxd6  0-1

[Event "Balaton op"]
[Site "Hungary"]
[Date "1999.??.??"]
[Round "8"]
[White "Ritter, Gabor"]
[Black "Bodrogi, Mihaly"]
[Result "1/2-1/2"]
[WhiteElo "2190"]
[BlackElo "2175"]

1.e4 c5 2.Nf3 d6 3.Bb5+ Bd7 4.Bxd7+ Qxd7 5.O-O g6 6.Re1 e6 7.d4 Bg7 8.c3 Ne7
9.Be3 b6 10.Nbd2 O-O 11.dxc5 dxc5 12.Qc2 Nbc6 13.a4 Na5 14.Bf4 Rfd8 15.Rad1 Qd3
16.Qxd3 Rxd3 17.Kf1 Rad8 18.Ke2 Nec6 19.Nf1 Rxd1 20.Rxd1 Rxd1 21.Kxd1 Nc4
22.Kc2 e5 23.Bc1 Nd6 24.N3d2 f5 25.f3 f4 26.Kd3 Kf7 27.Nc4 Nc8 28.Na3 a6
29.Nd2 Ke6 30.Nb3 Bf8 31.Bd2 N8a7 32.c4 Nd4 33.Nc1 Nac6 34.Ne2 Be7 35.Nc2 Bd8
36.Nc3 g5 37.h3 h5 38.Nd5 Kf7  1/2-1/2

[Event "Jyvaskyla We JyS"]
[Site "Jyvaskyla"]
[Date "1999.??.??"]
[Round "2"]
[White "Franssila, Tommi"]
[Black "Maki Uuro, Miikka"]
[Result "0-1"]
[WhiteElo "2183"]
[BlackElo "2355"]

1.e4 c5 2.Nf3 d6 3.Bb5+ Bd7 4.Bxd7+ Nxd7 5.O-O Ngf6 6.d3 e6 7.a4 Be7 8.h3 O-O
9.Na3 a6 10.Bf4 d5 11.Re1 Nb8 12.Bh2 Nc6 13.c3 Na5 14.Ne5 Bd6 15.Ng4 Bxh2+
16.Kxh2 dxe4 17.dxe4 Nxg4+ 18.Qxg4 Qb6 19.Qe2 c4 20.Nxc4 Qc7+  0-1

[Event "Klatovy op-A"]
[Site "Klatovy"]
[Date "1999.??.??"]
[Round "4"]
[White "Hosticka, Frantisek"]
[Black "Kuba, Stanislav"]
[Result "1/2-1/2"]
[WhiteElo "2234"]
[BlackElo "2300"]

1.e4 c5 2.Nf3 d6 3.Bb5+ Bd7 4.Bxd7+ Qxd7 5.c4 e5 6.Nc3 g6 7.O-O Bg7 8.a3 Ne7
9.d3 Nbc6 10.Nd5 O-O 11.Rb1 f5 12.Bg5 f4 13.Bxe7 Nxe7 14.Nxe7+ Qxe7 15.h3 Bf6
16.b4 h5 17.Rb2 Rf7 18.Qe2 Rd8 19.Rfb1 Rd7 20.Rb3 Rh7 21.Kf1 g5 22.Nh2 Qe6
23.Ke1 Rdg7 24.f3 cxb4 25.Rxb4 Bd8 26.Rb5 Bb6 27.Kd2 Be3+ 28.Kc2 a6 29.Rd5 Bc5
30.Qd2 b6 31.Qc3 Qe8 32.Qb3 Rb7 33.a4 Rb8 34.d4 exd4 35.e5 Re7 36.Re1 Qg6+
37.Qd3 Qxd3+ 38.Kxd3 Rbe8 39.e6 Rg7 40.Nf1 Kh7 41.Re2 Kh6 42.g4 Rge7 43.Nd2 Rxe6
44.Rxe6+ Rxe6 45.Ne4 hxg4 46.hxg4 a5 47.Rxg5 Re5 48.Rg8 Kh7 49.Rf8 d5 50.Nxc5 bxc5
51.cxd5 Rxd5 52.Rxf4 Kg6 53.Re4 Kg5 54.Re8 Kf4 55.Rf8+ Kg5 56.Rh8 Kf4 57.Rf8+ Kg5
58.Rh8 Kf4  1/2-1/2

[Event "EU-ch02 blind "]
[Site "Krynica"]
[Date "1999.??.??"]
[Round "3"]
[White "Ivanenka, Siarhei"]
[Black "Schmeisser, Andre"]
[Result "1/2-1/2"]
[WhiteElo "2000"]
[BlackElo "1740"]

1.e4 c5 2.Nf3 d6 3.Bb5+ Bd7 4.Bxd7+ Qxd7 5.c3 Nf6 6.O-O Nc6 7.Re1 g6 8.d3 Bg7
9.Na3 O-O 10.h3 Rac8 11.Nc2 e6 12.Be3 b6 13.Bg5 h6 14.Bxf6 Bxf6 15.d4 cxd4
16.Ncxd4 Nxd4 17.Nxd4 d5 18.Nf3 Rfd8 19.exd5 Qxd5 20.Qxd5 Rxd5 21.Rad1 Rcd8
22.Rxd5 Rxd5 23.a3 b5 24.Kf1 Kf8 25.Ke2 Ke7 26.Rd1 Kd6 27.Rxd5+ Kxd5 28.Kd3 e5
29.Nd2 a5 30.f3 Bd8 31.b3 f6 32.c4+ Kc6 33.cxb5+ Kxb5 34.Nc4 Bc7 35.Kc3 h5
36.g4 hxg4 37.hxg4 f5 38.b4 axb4+ 39.axb4 f4 40.Nd2 Bd6 41.Kd3 Bxb4 42.Nc4 Be7
43.Nxe5 g5 44.Ke4 Kc5 45.Nf7 Kc4 46.Ne5+ Kc5 47.Nd3+ Kd6 48.Kf5 Bd8 49.Nf2 Kd5
50.Nh3 Kd4 51.Nxf4 gxf4 52.Kxf4 Bc7+ 53.Kf5 Ke3 54.g5 Ba5 55.g6 Bc3 56.f4 Bg7  1/2-1/2

[Event "La Coruna op 10th"]
[Site "La Coruna"]
[Date "1999.??.??"]
[Round "6"]
[White "Bueno Abalo, Manuel"]
[Black "Gomez, Roberto"]
[Result "1-0"]
[WhiteElo "2175"]
[BlackElo "2215"]

1.e4 c5 2.Nf3 d6 3.Bb5+ Nd7 4.O-O a6 5.Bd3 e5 6.c3 Ngf6 7.Bc2 Be7 8.d4 O-O
9.dxe5 dxe5 10.h3 Qc7 11.Qe2 Rd8 12.Nbd2 Nf8 13.Rd1 b5 14.Nf1 Be6 15.Rxd8 Rxd8
16.b3 c4 17.b4 a5 18.bxa5 Qxa5 19.Bb2 Ng6 20.a4 b4 21.cxb4 Bxb4 22.g3 c3
23.Ba3 Bxa3 24.Rxa3 Qc5 25.Ra1 Bxh3 26.Ne3 h5 27.a5 Ra8 28.Ng5 Bd7 29.Bb3 Nh8
30.a6 Bb5 31.Qa2 Ra7 32.Rd1 Qc7 33.Qa3 Rxa6 34.Qb4 Be8 35.Bc4 c2 36.Rc1 Rb6
37.Qc3 Qe7 38.Nf5 Qd7 39.Qxc2 g6 40.Rd1 Qa7 41.Nd6 Qb8 42.Qd3 Kg7 43.f4 Ba4
44.fxe5 Bxd1 45.exf6+ Kf8 46.e5 Be2 47.Bxf7 Rxd6 48.Qxd6+ Qxd6 49.exd6 Nxf7
50.Nxf7 Bb5 51.Ne5 g5 52.Kf2 Ba4 53.Ke3 Be8 54.Ke4 g4 55.Kf4 Ba4 56.Kg5 Be8
57.d7 Bxd7 58.Nxd7+ Kf7 59.Ne5+ Ke6 60.f7 Ke7 61.Kxh5 Kf8 62.Kxg4  1-0

[Event "La Coruna op 10th"]
[Site "La Coruna"]
[Date "1999.??.??"]
[Round "8"]
[White "Bueno Abalo, Manuel"]
[Black "Ivanov, Jordan"]
[Result "0-1"]
[WhiteElo "2175"]
[BlackElo "2400"]

1.e4 c5 2.Nf3 d6 3.Bb5+ Nd7 4.c3 a6 5.Ba4 Nf6 6.Qe2 e6 7.O-O Be7 8.d4 b5
9.Bc2 Bb7 10.a4 cxd4 11.cxd4 O-O 12.Re1 Qc7 13.Bd3 bxa4 14.Rxa4 e5 15.Rc4 Qb8
16.Nc3 Re8 17.d5 Bd8 18.Na4 Nb6 19.Nxb6 Bxb6 20.Be3 Bxe3 21.Qxe3 a5 22.Rc2 Bxd5
23.exd5 e4 24.Qd4 exf3 25.Rxe8+ Qxe8 26.gxf3 Rc8 27.Rxc8 Qxc8 28.Qb6 g6 29.Qxd6 Qc1+
30.Bf1 Qg5+ 31.Kh1 Nxd5 32.Qc5 Qd2 33.Qc8+ Kg7 34.Qc5 h6 35.b3 g5 36.Kg1 h5
37.Qc4 Qd1 38.Qd3 Qxd3 39.Bxd3 Kf6 40.Kf1 Ke5 41.Bc4 f6 42.Ke2 Kd4 43.Kd2 h4
44.Bf1 Nf4 45.Kc2 h3 46.Kd2 f5 47.Ba6 Ng2 48.Bc8 Nh4 49.Bb7 Ke5 50.Ke3 Ng2+
51.Kd3 Kf4 52.Kc4 Ne1 53.Kb5 Nxf3 54.Kxa5 Nxh2 55.Bh1 Ng4 56.b4 Nxf2 57.b5 Nxh1
58.b6 h2 59.b7 Ng3 60.b8=Q+ Kg4  0-1

[Event "Aki Lahti mem"]
[Site "Lahti"]
[Date "1999.??.??"]
[Round "2"]
[White "Nyysti, Sampsa"]
[Black "Rantanen, Yrjo A"]
[Result "1-0"]
[WhiteElo "2178"]
[BlackElo "2356"]

1.e4 c5 2.Nf3 d6 3.Bb5+ Nd7 4.d4 cxd4 5.Qxd4 Nf6 6.Nc3 a6 7.Bxd7+ Bxd7 8.Bg5 Rc8
9.O-O-O h6 10.Bxf6 gxf6 11.Nd5 Bg7 12.Nh4 e6 13.Ne3 Rc6 14.f4 h5 15.Kb1 b5
16.Rhf1 Qb6 17.Qd3 Bh6 18.Rf3 Bc8 19.g4 hxg4 20.Nxg4 Bg7 21.Ng2 Bb7 22.f5 Rc4
23.fxe6 Bxe4 24.exf7+ Kxf7 25.Ne5+ Kg8 26.Nxc4 Bxd3 27.Nxb6 Be2 28.Rfd3 Bxd3
29.cxd3 Rxh2 30.Rd2 Bh6 31.Re2 Kf7 32.Nd5 f5 33.Rf2 Ke8 34.Nc7+ Kd8 35.Nxa6 f4
36.Nb4 f3 37.Rxf3 Rxg2 38.Rh3 Bg7 39.b3  1-0

[Event "Copa Union de Reyes 4th"]
[Site "Matanzas"]
[Date "1999.??.??"]
[Round "1"]
[White "Barroso, Wildred"]
[Black "Abreu, Aryam"]
[Result "1-0"]
[WhiteElo "2225"]
[BlackElo "2410"]

1.e4 c5 2.Nf3 d6 3.Bb5+ Bd7 4.Bxd7+ Qxd7 5.O-O Nc6 6.c3 Nf6 7.d4 Nxe4 8.d5 Ne5
9.Nxe5 dxe5 10.Re1 Nd6 11.Rxe5 g6 12.Re1 Bg7 13.Bg5 Nf5 14.Qd2 Rd8 15.c4 O-O
16.Nc3 Rfe8 17.Rad1 b6 18.Qc1 Qb7 19.h3 a6 20.b3 Rd7 21.Bf4 Rc8 22.Be5 b5
23.Bxg7 Kxg7 24.Ne4 Qb6 25.Qc3+ Kg8 26.Ng5 bxc4 27.bxc4 Qb4 28.Qd3 Nd6 29.Rc1 Qb2
30.Nf3 f6 31.Rc2 Qb4 32.h4 Nf5 33.Rce2 e5 34.h5 Kg7 35.hxg6 hxg6 36.Qe4 Nd4
37.Nxd4 cxd4 38.f4 Re7 39.fxe5 fxe5 40.Qg4 Qxc4 41.Rxe5  1-0

[Event "Copa Union de Reyes 4th"]
[Site "Matanzas"]
[Date "1999.??.??"]
[Round "8"]
[White "Arribas, Maritza"]
[Black "Abreu, Aryam"]
[Result "1-0"]
[WhiteElo "2320"]
[BlackElo "2410"]

1.e4 c5 2.Nf3 d6 3.Bb5+ Bd7 4.Bxd7+ Qxd7 5.O-O Nc6 6.c3 Nf6 7.d3 e6 8.Bg5 Be7
9.a4 h6 10.Bh4 g5 11.Bg3 Nh5 12.d4 Nxg3 13.fxg3 d5 14.e5 Qc7 15.Na3 cxd4
16.cxd4 g4 17.Ne1 Nxd4 18.Nd3 h5 19.Kh1 Rd8 20.Nb5 Qb6 21.Nxd4 Qxd4 22.a5 Qe3
23.Qa4+ Rd7 24.Rad1 Rh7 25.Qc2 Qh6 26.Nc5 Bxc5 27.Rf6 Qg7 28.Qxc5 h4 29.gxh4 Rxh4
30.g3 Rh5 31.Rdf1 Rf5 32.R1xf5 exf5 33.Rd6 Rxd6 34.exd6 Qf6 35.a6 bxa6 36.Qc6+ Kf8
37.Qc8+ Kg7 38.d7 Qxb2 39.d8=Q Qb1+ 40.Kg2 Qe4+ 41.Kf2 Qf3+ 42.Ke1 Qe3+ 43.Kd1 Qd3+
44.Kc1 Qf1+ 45.Kb2 Qe2+ 46.Qc2 Qb5+ 47.Ka2  1-0

[Event "Mendrisio op"]
[Site "Mendrisio"]
[Date "1999.??.??"]
[Round "4"]
[White "Vianin, Pascal"]
[Black "Buehler, Beat"]
[Result "1-0"]
[WhiteElo "2190"]
[BlackElo "2184"]

1.e4 c5 2.Nf3 d6 3.Bb5+ Bd7 4.Bxd7+ Qxd7 5.O-O Nc6 6.c3 Nf6 7.d4 cxd4 8.cxd4 e6
9.d5 Ne5 10.dxe6 Nxf3+ 11.Qxf3 fxe6 12.Rd1 Qc6 13.Nc3 Be7 14.Bg5 h6 15.Bxf6 Bxf6
16.Qh5+ Ke7 17.Rac1 Qe8 18.Qa5 Qd8 19.Qa3 Be5 20.Nb5 Qb6 21.Nxd6 Kf6 22.Qf3+ Kg6
23.Nf7 Bd4 24.Nxh8+ Rxh8 25.e5 Rd8 26.h4 Kh7 27.b3 Kg8 28.Qe2 Rf8 29.Rf1 Rf5
30.Rc8+ Kh7 31.Qc2 h5 32.Rf8  1-0